Analýza vodojemu od účinkov zaťaženia

Saved in:
Bibliographic Details
Main Author: Filip, Alexander (Author)
Other Authors: Tvrdá, Katarína (Thesis advisor)
Format: Manuscript Book
Language:Slovak
Published: 2024
Subjects:
Online Access:http://is.stuba.sk/zp/portal_zp.pl?podrobnosti=175905
https://opac.crzp.sk/?fn=detailBiblioForm&sid=AA0D9432EF6DE826CF181A4F11D3
Tags: Add Tag
No Tags, Be the first to tag this record!

MARC

LEADER 00000ntm a22000003a 4500
001 stuzp98882
003 SK-STU
005 20240919142041.6
007 ta
008 150427s2015----xo-----f-mn---000-0-slo-d
040 |a STU  |b slo 
041 0 |a slo 
100 1 |a Filip, Alexander  |u 010250  |4 aut  |U SvF Stavebná fakulta  |T SvF Katedra stavebnej mechaniky  |X 106285  |U V250  |Y 26  |7 106285 
242 0 1 |a Analysis of a Water Tank under Loading Effects  |y eng 
245 1 0 |a Analýza vodojemu od účinkov zaťaženia 
260 |c 2024 
650 4 |a vodojem  |2 slo 
650 4 |a analýza  |2 slo 
650 4 |a vlastné tvary  |2 slo 
650 4 |a špliechanie  |2 slo 
650 4 |a ANSYS Acoustic  |2 slo 
650 4 |a analysis  |2 eng 
650 4 |a eigenmodes  |2 eng 
650 4 |a sloshing  |2 eng 
650 4 |a water tank  |2 eng 
650 4 |a ANSYS Acoustic  |2 eng 
700 1 |a Tvrdá, Katarína  |u 010250  |k Z1  |4 ths  |U SvF Stavebná fakulta  |T SvF Katedra stavebnej mechaniky  |X 662  |U V250  |Y 26  |7 A000000662 
856 4 |u http://is.stuba.sk/zp/portal_zp.pl?podrobnosti=175905 
856 4 |u https://opac.crzp.sk/?fn=detailBiblioForm&sid=AA0D9432EF6DE826CF181A4F11D3